000 00482nam a2200181Ia 4500
008 240925s9999 xx 000 0 und d
020 _a9788126522514
082 _a621.395 ERC
100 _aErcegovac, Milos; Lang, Tomas
245 0 _aIntroduction to Digital Systems
250 _aNA
260 _aNew Delhi:
_bWiley Eastern
_c,2003.
300 _a244p.
_bN.A
_fOriginal
500 _aIncludes Index
600 _aElectronic Engineering
650 _aTechnology
942 _cBK
999 _c10754
_d10754